Masculino y femenino

Na minha lista:
Detalhes bibliográficos
Autor principal: Mead, Margaret, 1901-1978
Formato: Recurso Electrónico livro electrónico
Idioma:espanhol
inglês
Publicado em: Madrid : Minerva Ediciones, 1994.
Colecção:Digitalia eBook Collection: Minerva Ediciones.
Assuntos:
Acesso em linha:Digitalia Hispánica
Tags: Adicionar Tag
Sem tags, seja o primeiro a adicionar uma tag!

MARC

LEADER 00000nam a2200000Ia 4500
001 DIGMINER0017
003 NyNyDIG
006 m d
007 cr |||||||||||
008 140201s1994 sp ob 000 0 spa
020 |z 9788488123053 (pbk.) 
020 |z 8488123051 (pbk.) 
040 |a DGITA  |b eng  |e pn  |c DGITA 
041 1 |a spa  |h eng 
050 4 |a HQ21 ebook 
100 1 |a Mead, Margaret, 1901-1978.  
240 1 0 |a Controverse des sexes.  |l Spanish 
245 1 0 |a Masculino y femenino   |h [electronic resource] /  |c Margaret Mead ; traducción de Rosalía Pereda 
260 |a Madrid :  |b Minerva Ediciones,  |c 1994.  |e (New York, NY. :  |f Digitalia Inc,   |g 2012). 
300 |a 1 online resource (280 p.)  
500 |a Translation of: Male and female : a study of the sexes in a changing world. New York : W. Morrow, 1949. 
500 |a "The substance of this book was given as the Jacob Gimbel lectures in sex psychology under the auspices of Stanford University and the University of California, San Francisco, California, November, 1946" (From the English edition). 
506 |a Access restricted to subscribing institutions. 
650 0 |a Sex.  
650 0 |a Women.  
650 0 |a Men.  
650 0 |a Human beings.  
650 0 |a Sex role.  
650 0 |a Gender identity.  
655 0 |a Electronic books. 
791 2 |a Digitalia (Firm),  |e distributor. 
830 0 |a Digitalia eBook Collection: Minerva Ediciones. 
856 4 0 |3 Digitalia Hispánica  |u https://digitalia.unach.elogim.com/a/1965/